00347nam a2200097Ia 4500008004100000082001700041100003500058245008500093260006200178300000900240190415s9999 xx 000 0 und d a025.04 GLO-I aInstitute for Studies in Indus 0aInternational conference on globalisation of knowledge development and delivery: aNew DelhibInstitute for Studies in Industrial Devec2008 av.p.